000 00864nam a22002297a 4500
999 _c18649
_d18649
003 AR-CdUCM
008 190514b ||||| |||| 00| 0 spa d
040 _aMUNICIPALIDAD PROVINCIAL DEL CUSCO
_cBIBLIOTECA MUNICIPAL DEL CUSCO
041 _heng
082 _a374 /
_bJ72
100 _aJones, James J.
_939360
245 _aLa escuela y las relaciones públicas /
260 _aArgentina :
_bTroquel,
_c1971.
300 _a144 páginas ;
_c23 cm.
505 _aContenido: Índole y propósito de las relaciones publicas escolares -- Comprensión de la comunidad y el trabajo con ella -- Organización y administración...
650 _aEscuelas rurales
_94642
650 _aOrganización y administración
_935858
650 _aRelaciones publicas
_919486
700 _aPirk, Andrés (traducción)
_939361
942 _2ddc
_cLIBROS
945 _adavv
_d2019-05-14